00464nam a2200181Ia 450000500170000000800410001702000220005804100080008008200150008810000160010324500230011925000120014226000440015430000090019850000240020765000230023170000280025420230425210644.0230125s9999 xx 000 0 und d a978-93-5202-420-9 aeng a658.8bVEN aVenugopal V aServices Marketing aEd. 1st c2015bHimalaya Publishing HouseaMumbai a321p aServices marketing  aServices marketing aVenugopal V & Raghu V N